000
00307nam a22001217a 4500
999
_c
163122
_d
163122
082
_a
_b
245
_a
Perspectives in measurement and evaluation in education/
_c
Vashist S R (ed.).
260
_a
New Delhi:
_b
Anmol,
_c
1993.
300
_a
495p.
650
_a
700
_a
Vashist S R (ed.)
942
_c
BK